00361 a2200109 4500001001000000005001700010008004100027245008000068100001800148773006800166999001700234ART_1245020260410161906.0260409a 10aA test for distributional assumptions for the stochastic frontier functions1 aLee, Lung-Fei0 tJournal of econometricsg- Vol. 22, NÂș 3 (ago. 1983)wREV11720 c26379d26379